00644nam a2200157Ia 4500008004100000024005100041082001800092100009100110110003700201245003800238260002500276600003400301650002500335952010900360999001700469260210s9999 xx 000 0 und d a21B-060-CE, 21B-016-CE, 21B-154-CE, 21B-122-CE a381.45072 REH aSyed. Affan Bin Rehan, Amsal Ali Khan, Syed Ahraz Ali Arshad, Syed Muhammad Raza Zaidi aDr. Abid Karim & Engr. Zia Uddin 0aHealth Vend: Your Fitness Partner aKarachibUITU,c2020 aBachelor of Engineering (B.E) aComputer Engineering 001040708PR-CEaUITUbUITUd2025-10-06l0o381.45072 REHpCE-292r2026-02-10 12:00:04w2026-02-10yPR c32829d32829